| 000 | 00386nam a2200169 a 4500 | ||
|---|---|---|---|
| 001 | 4587 | ||
| 003 | CO-ViMGA | ||
| 008 | 141112s2004 ck r 000 u spa d | ||
| 040 |
_aCO-ViMGA _bspa _cCO-ViMGA |
||
| 082 | 0 | 4 | _a155.67 B318v |
| 100 | 1 | _aBeauvoir, Simone de | |
| 245 | 1 | 0 | _aLa vejez |
| 260 |
_aMexico : _bHermes, _c1997 |
||
| 300 | _a677 p | ||
| 650 | 1 | 4 | _aVEJEZ |
| 942 |
_2ddc _cBK |
||
| 999 |
_c16597 _d16597 |
||